000 00254nam a2200097Ia 4500
001 1145481
005 20250827010233.0
008 250824s9999 xx 000 0 und d
245 0 _aOSMANLIDA DERİN DEVLET
_cYAVUZ BAHADIROĞLU
260 _bPANAMA YAYINLARI
999 _c1145481
_d1145481